000 00611nam a22002177a 4500
003 UA-OsUOA
001 73163
007 ta
008 20110214b un ||||| |||| 00| 0 ukr d
100 _aРайхель Ю.
090 _a94(477)
_bР18
942 _cSA
040 _aUA-OsUOA
_bukr
_cUA-OsUOA
_dUA-OsUOA
245 _aВеликий реформатор-революціонер Кемаль Ататюрк - батько турків
300 _aС.9
955 _a0
041 _aukr
080 _a94(477)
773 0 _w73161
650 7 _a9 Географія. Біографії. Історія
_2UDC
999 _c359446
_d359446